[Event "Frankfurt Ch B 2015"]
[Site "Ffm-Höchst, BiKuZ"]
[Date "2015.06.15"]
[Round "7.18"]
[White "Winter, Thomas"]
[Black "Häfner, Günther"]
[Result "1-0"]
[WhiteElo "1238"]
[BlackElo "780"]
[PlyCount "105"]
[EventDate "2015.??.??"]
[WhiteTeam "SC Steinbach"]
[BlackTeam "TSG Nieder-Erlenbach"]

1. e4 Nc6 2. Nf3 d6 3. d4 e6 4. Nc3 a6 5. Be3 b5 6. a3 d5 7. e5 Nge7 8. g4 g6
9. Nd2 Bg7 10. f4 Na5 11. Qf3 O-O 12. O-O-O Nc4 13. h4 Nxe3 14. Qxe3 Bb7 15.
Ne2 Qd7 16. Nb3 Bc8 17. Nc5 Qc6 18. h5 Qe8 19. hxg6 fxg6 20. Qh3 Kf7 21. Bg2 c6
22. Rdf1 Rh8 23. Qd3 h5 24. gxh5 Rxh5 25. Rxh5 gxh5 26. Bh3 Nf5 27. Rg1 h4 28.
Bxf5 exf5 29. Rh1 Be6 30. Rxh4 Qe7 31. Rh3 Rh8 32. Ng1 a5 33. Qc3 Rxh3 34. Nxh3
Qh4 35. Ng5+ Kg8 36. Ngxe6 Qh1+ 37. Kd2 Qg2+ 38. Ke1 Qg1+ 39. Kd2 Qg2+ 40. Kd1
Qf1+ 41. Qe1 Qf3+ 42. Kc1 Bh6 43. Nd3 Kf7 44. Qh4 Kg6 45. Qf6+ Kh7 46. Ng5+
Bxg5 47. Qxg5 Qf1+ 48. Kd2 Qh3 49. e6 Qh2+ 50. Kc3 Qe2 51. Qe7+ Kg6 52. Ne5+
Kh5 53. Qg5# 1-0

[Event "Frankfurt Ch B 2015"]
[Site "Ffm-Höchst, BiKuZ"]
[Date "2015.06.15"]
[Round "7.22"]
[White "Meister, Jörg"]
[Black "Lochmann, Tobias"]
[Result "1-0"]
[WhiteElo "812"]
[BlackElo "723"]
[PlyCount "59"]
[EventDate "2015.??.??"]
[WhiteTeam "SF Friedberg"]
[BlackTeam "SV Groß-Gerau"]

1. e4 e5 2. Nf3 Nc6 3. Bc4 Nf6 4. Nc3 Bc5 5. O-O O-O 6. a3 d6 7. b4 Bd4 8. h3
Nxe4 9. Nxd4 Nxd4 10. Nxe4 d5 11. Bxd5 Qxd5 12. Re1 Bf5 13. Nc3 Qd7 14. Ra2 Qc6
15. Rxe5 Qg6 16. d3 f6 17. Rd5 Ne6 18. Qe2 Bxh3 19. Qe4 Qxe4 20. dxe4 Bg4 21.
f3 Bh5 22. Rxh5 g6 23. Rd5 Nf4 24. Bxf4 g5 25. Bxc7 Rfc8 26. Rc5 Kf7 27. Bg3
Re8 28. Nd5 Rad8 29. Rc7+ Ke6 30. c4 1-0